• 首页
  • 本馆介绍
  • 公告通知
  • 最新文献
  • 馆藏检索
  • 电子资源
  • 读者导购
  • 参考咨询
  • 我的图书馆
  • 登录
  • 详细信息显示
  • 放入我的书架
  • 预约/预借图书
  • 作者相关作品
  • 分类相关作品
  • 丛书相关作品
  • 出版社相关作品

书目信息

  • 表格格式
  • 工作单格式
  • 卡片格式
题名:
文字与典藉
    
 
作者: 王余光 著
分册:  
出版信息: 西宁   青海民族出版社  2020.12
页数: 208页
开本: 23cm
丛书名: 阅读引领与视野拓展读本
单 册:
中图分类: H02 , G256.1
科图分类:
主题词: 文字--wen zi--历史--中国--古代 , 古籍--gu ji--图书史--中国--古代
电子资源:
ISBN: 978-7-5420-3696-4
000 01304nam 2200301 450
001 CAL 0120217128861
005 20230217093112.0
010    @a978-7-5420-3696-4@dCNY36.00
100    @a20210915d2020 em y0chiy0120 ea
101 0  @achi
102    @aCN@b630000
105    @ay z 000yy
106    @ar
200 1  @a文字与典藉@Awen zi yu dian ji@f王余光著
210    @a西宁@c青海民族出版社@d2020.12
215    @a208页@d23cm
225 2  @a阅读引领与视野拓展读本@Ayue du yin ling yu shi ye tuo zhan du ben
225 2  @a全民阅读经典读物臻享系列@Aquan min yue du jing dian du wu zhen xiang xi lie
330    @a本书为《阅读引领与视野拓展读本》之一, 从文字和典籍两个方面对中国历史进行解读, 具体篇章结构如下: (1) 从结绳记事说起汉字的发明 ; (2) 博大的殿堂: 典籍综述 ; (3) 先民的智慧: 汉籍的早期形成 ; (4) 群星璀璨: 民族文字与典籍 ; (5) 中国人的圣书: 经部典籍 ; (6) 历史的长城: 史部典籍 ; (7) 有容乃大: 子部典籍 ; (8) 永恒的巨流: 集部典籍 ; (9) 推荐书目与影响书目。
410  0 @12001 @a阅读引领与视野拓展读本
410  0 @12001 @a全民阅读经典读物臻享系列
606 0  @a文字@Awen zi@x历史@y中国@z古代
606 0  @a古籍@Agu ji@x图书史@y中国@z古代
690    @aH02@v5
690    @aG256.1@v5
701  0 @a王余光@Awang yu guang@4著
801  0 @aCN@bBJXHZP@c20230228
905    @b1386673-6@dH02@e606@f4
    
    文字与典藉/王余光著.-西宁:青海民族出版社,2020.12
    208页;23cm.-(阅读引领与视野拓展读本).-(全民阅读经典读物臻享系列)
    
    
    ISBN 978-7-5420-3696-4:CNY36.00
    本书为《阅读引领与视野拓展读本》之一, 从文字和典籍两个方面对中国历史进行解读, 具体篇章结构如下: (1) 从结绳记事说起汉字的发明 ; (2) 博大的殿堂: 典籍综述 ; (3) 先民的智慧: 汉籍的早期形成 ; (4) 群星璀璨: 民族文字与典籍 ; (5) 中国人的圣书: 经部典籍 ; (6) 历史的长城: 史部典籍 ; (7) 有容乃大: 子部典籍 ; (8) 永恒的巨流: 集部典籍 ; (9) 推荐书目与影响书目。
●
相关链接 在E读中查询图书 在五车中查询图书 在当当中查询图书 在豆瓣中查询图书


正题名:文字与典藉     索取号:H02/606         预约/预借

序号 登录号 条形码 馆藏地/架位号 状态 备注
1 1386673   213866734   第二样本阅览室/ [索取号:H02/606] 在馆    
2 1386674   213866743   第四借阅区/ [索取号:H02/606] 在馆    
3 1386675   213866752   第四借阅区/ [索取号:H02/606] 在馆    
4 1386676   213866761   第四借阅区/ [索取号:H02/606] 在馆    
唐山师范学院图书馆 欢迎您!
大连网信软件有限公司© 版权所有